Initiation au calcul matriciel : matrices, determinants, applications a l'algebre et a la géométrie analytique : à l'usage des Classes préparatoires aux Grandes Ecoles, des élèves des Facultés des Sciences et des Écoles d'Ingénieurs, des Ingénieurs et des Physiciens /
Guardado en:
| Autor Principal: | |
|---|---|
| Formato: | Libro |
| Idioma: | French |
| Publicado: |
Paris :
Librairie Vuibert,
1960.
|
| Edición: | 3e éd. |
| Etiquetas: |
Agregar Etiqueta
Sin Etiquetas, Sea el primero en etiquetar este registro!
|
| LEADER | 00671nam a22001455a 4500 | ||
|---|---|---|---|
| 001 | MAT.inmabb000823 | ||
| 008 | 031119s1960####fr############001#0#fre#d | ||
| 005 | 20170804155440.0 | ||
| 245 | 1 | 0 | |a Initiation au calcul matriciel : |b matrices, determinants, applications a l'algebre et a la géométrie analytique : à l'usage des Classes préparatoires aux Grandes Ecoles, des élèves des Facultés des Sciences et des Écoles d'Ingénieurs, des Ingénieurs et des Physiciens / |c par Albert Monjallon. |
| 250 | |a 3e éd. | ||
| 260 | |a Paris : |b Librairie Vuibert, |c 1960. | ||
| 300 | |a 127 p. | ||
| 100 | 1 | |a Monjallon, Albert. | |
| 084 | |a 15-XX |2 msc2000 | ||
| 859 | |h 15 |i M744-3 |p A-643 |b BIB. MATEMATICA | ||
